|
|
|
|
| LEADER |
01074pam a22003378a 4500 |
| 001 |
00036267 |
| 008 |
170222s2017 ||||||Viesd |
| 005 |
20171026081025.0 |
| 020 |
# |
# |
|a 9786041098268
|
| 041 |
0 |
# |
|a Vie
|
| 082 |
1 |
4 |
|a 895.922 803
|b Đ452Đ
|
| 100 |
1 |
# |
|a Trần, Anh Điền
|
| 245 |
0 |
0 |
|a Đổi đời
|c Trần Anh Điền; Trọng Quý (thể hiện)
|b Hồi ký Trần Anh Điền
|
| 260 |
# |
# |
|a TP. Hồ Chí Minh
|b Trẻ
|c 2017
|
| 300 |
# |
# |
|a 269 tr.
|c 23 cm.
|
| 653 |
# |
# |
|a Cuộc đời
|
| 653 |
# |
# |
|a Hồi ký
|
| 653 |
# |
# |
|a Văn học Việt Nam
|
| 700 |
1 |
# |
|a Trọng, Quý
|e Thể hiện
|
| 852 |
# |
# |
|b Kho mượn
|j KM.0020595, KM.0020596, KM.0020597, KM.0020598, KM.0020599
|
| 852 |
# |
# |
|b Kho đọc
|j KD.0019569
|
| 852 |
# |
# |
|j KD.0019569
|j KM.0020596
|j KM.0020597
|j KM.0020599
|j KM.0020595
|j KM.0020598
|
| 910 |
|
|
|d 22/02/2017
|
| 980 |
# |
# |
|a Trung tâm Học liệu Lê Vũ Hùng, Trường Đại học Đồng Tháp
|